000 01497nam a2200289 a 4500
001 000016441
005 20200929164921.0
008 100305s2006 dr 001 0 spa d
040 _aDO-SdBNP
_bspa
_cBNPHU
082 _a346.024
_bM844s
100 1 _aMoreta Bello, Rafael Américo
_936643
245 1 4 _aUna solución a las cláusulas de no responsabilidad en los parqueos privados a través de la teoría civilista :
_bel caso dominicano /
_cRafael Américo Moreta Bello ; prólogo Cristian Alberto Martínez.
260 _aSanto Domingo :
_bPellerano & Herrera Abogados,
_c2006.
_fCapel Dominicana,
300 _a100, [7] p. ;
_c21 cm.
500 _aIncluye bibliografía y notas al pie de páginas
504 _aBibliografía: p 101-107
505 0 _gPrólogo /
_rCristian Alberto Martínez --
_tNociones, principios generales y esenciales de las obligaciones voluntarias --
_tContrato de parqueo --
_tLa empresa privada es responsable por el robo del vehículo dejado en el parqueo --
_tReflexión final.
590 _aInventariado, 2018/LP
590 _aInventariado,2018/DG
650 4 _aServicios de parqueo
_xLegislación
_936644
650 4 _aObligaciones (derecho civil)
_934850
650 4 _aCumplimiento de obligaciones
_936645
650 4 _aEstacionamiento de automóviles
_xContratos y especificaciones
_936646
650 4 _aParqueaderos
_xContratos y especificaciones
_936647
700 1 _aMartínez, Cristian Alberto,
_bpról.
_936648
910 _aValidado. Control de calidad EMS
999 _c15976
_d15976